000 00836nam a2200241Ia 4500
001 16117
003 GE_BSU
008 181216s||||||||xx |||||||||||||| ||und||
020 _a99928-76-12-3
040 _cGE_BSU
080 _a616-092(075.8)
100 _aყიფიანი, ვახტანგ
245 _aზოგადი პათოფიზიოლოგია. ნ.1
245 _cსამეცნ. რედ.: ირინე კვაჭაძე
250 _aმე-2 შევს.და გადამუშ.გამოცემა
260 _aთბილისი
260 _bთამარიონი 2002
260 _c2014
300 _a317გვ.23სმ.ნახ. ილ.
541 _h23ლ.
653 _aზოგადი პათოფიზიოლოგია.
942 _cBK
999 _c49206
_d49206